000 00389nam a2200109Ia 4500
008 180430s9999 xx 000 0 und d
020 _a9786218029132
100 _aMillan, Zeus Vernon B.
245 _aConceptual framework & accounting standards /
_bBased on Philippine financial reporting standards (PFRSs) /
260 _aBaguio City:
_bBandolin Enterprise
_c2018
300 _aiii, 672 pages
999 _c356390
_d356390